From the files of Madison Finn: sink or swim (Record no. 9157)

MARC details
000 -LEADER
fixed length control field 01098nam a22002057a 4500
003 - CONTROL NUMBER IDENTIFIER
control field OSt
005 - DATE AND TIME OF LATEST TRANSACTION
control field 20260316075629.0
008 - FIXED-LENGTH DATA ELEMENTS--GENERAL INFORMATION
fixed length control field 260316b |||||||| |||| 00| 0 eng d
020 ## - INTERNATIONAL STANDARD BOOK NUMBER
International Standard Book Number 0-7868-1735-6
040 ## - CATALOGING SOURCE
Original cataloging agency DWCL GS lib
Transcribing agency OC
100 ## - MAIN ENTRY--PERSONAL NAME
Personal name DOWER, LAURA
245 ## - TITLE STATEMENT
Title From the files of Madison Finn: sink or swim
Statement of responsibility, etc. DOWER, LAURA
260 ## - PUBLICATION, DISTRIBUTION, ETC.
Place of publication, distribution, etc. New York
Name of publisher, distributor, etc. Hyperion
Date of publication, distribution, etc. 2003
300 ## - PHYSICAL DESCRIPTION
Extent vii, 172 pages.
Dimensions 19cm.
520 ## - SUMMARY, ETC.
Summary, etc. 12-year-old Madison feels left out when her friends have better summer plans. She takes a babysitting job for a nearby family that turns out to be more difficult than expected, taking her away from her summer fun, friends, and crush, Hart.
546 ## - LANGUAGE NOTE
Language note English
650 ## - SUBJECT ADDED ENTRY--TOPICAL TERM
Source of heading or term 12-year-old Madison feels left out when her friends have better summer plans. She takes a babysitting job for a nearby family that turns out to be more difficult than expected, taking her away from her summer fun, friends, and crush, Hart.
650 ## - SUBJECT ADDED ENTRY--TOPICAL TERM
Source of heading or term bonding with a difficult child, balancing obligations, and finding value in unexpected responsibility.
942 ## - ADDED ENTRY ELEMENTS (KOHA)
Source of classification or shelving scheme Dewey Decimal Classification
Koha item type Fiction
Classification part Fic.
Suppress in OPAC No

No items available.